Представление документа в формате MARC21

Поле Инд. ПП Название Значение
Тип записи m
Библиографический уровень m
001 Контрольный номер RU/LIBMSTU/382183555
005 Дата корректировки 20180228151740.2
008 Кодируемые данные 121109|||||||||ru |||||||||||000|||rus||
040 b Код языка каталог. rus
041 0_ a Код языка текста rus
084 a Индекс другой классификации/Индекс ББК 39.425+39.425.5
090 x Авторский знак М 86
100 1_ a Автор Мохов Г. В.
110 2_ a Организация/ юрисдикция Мурманский государственный технический университет
245 10 a Заглавие Модернизация геофизических судов
b Продолж. заглавия монография
c Ответственность Федер. агентство по рыболовству, ФГБОУ ВПО "Мурман. гос. техн. ун-т"
h Физич. носитель Электронный ресурс
256 a Характеристики компьютерного файла Электрон. текстовые дан. (1 файл : 6,4 Мб)
260 a Место издания Мурманск
b Издательство Изд-во МГТУ
c Дата издания 2011
500 a Примечание Доступ из локальной сети Мурман. гос. техн. ун-та
500 a Примечание Загл. с экрана
500 a Примечание Имеется печ. аналог 2011 г.
583 x Служебное примечание Арктические исследования
x Служебное примечание Труды преподавателей МГТУ
x Служебное примечание Полнотекстовые документы
x Служебное примечание Краеведческий каталог
650 04 a Основная рубрика Суда морские геофизические-Модернизация
653 0_ a Ключевые слова ОАО "Арктикморнефтегазразведка"; Исследования арктические; Модернизация судов; Нефтегазовая отрасль; Воды нефтесодержащие; Освоение нефтегазовых месторождений; Предотвращение загрязнения мусором; Предотвращение загрязнения нефтью; Суда геофизические; Суда рыбопромысловые; Электронные версии; Шельфовые месторождения
a Ключевые слова Монографии
a Ключевые слова Труды преподавателей МГТУ
856 40 u URL https://elib.mauniver.ru/2011/MN_11_8.pdf
901 t Тип документа m
952 c Вид литературы монография